<?xml version="1.0" encoding="UTF-8"?>
<record
    xmlns:xsi="http://www.w3.org/2001/XMLSchema-instance"
    xsi:schemaLocation="http://www.loc.gov/MARC21/slim http://www.loc.gov/standards/marcxml/schema/MARC21slim.xsd"
    xmlns="http://www.loc.gov/MARC21/slim">

  <leader>03303nam a2200325 i 4500</leader>
  <controlfield tag="003">CSPC</controlfield>
  <controlfield tag="005">20260226090622.0</controlfield>
  <controlfield tag="008">260225s2025    ph a     b    000 0 eng d</controlfield>
  <datafield tag="040" ind1=" " ind2=" ">
    <subfield code="a">CSPC</subfield>
    <subfield code="b">eng </subfield>
    <subfield code="c">CSPC</subfield>
    <subfield code="e">rda </subfield>
  </datafield>
  <datafield tag="090" ind1=" " ind2=" ">
    <subfield code="a">UTH BSOA P136m 2025</subfield>
  </datafield>
  <datafield tag="100" ind1="1" ind2=" ">
    <subfield code="a">Padrigone, Christine Joy C., </subfield>
    <subfield code="e">author. </subfield>
  </datafield>
  <datafield tag="245" ind1="1" ind2="0">
    <subfield code="a">Money matters : </subfield>
    <subfield code="b">a study on financial awareness and spending behavior of Barangay officials / </subfield>
    <subfield code="c">Christine Joy C. Padrigone, Ana Mae S. Victoria, Junri S. Silva, and Jerald C. Yaldua. </subfield>
  </datafield>
  <datafield tag="260" ind1=" " ind2=" ">
    <subfield code="a">Buhi, Camarines Sur : </subfield>
    <subfield code="b">Camarines Sur Polytechnic Colleges, </subfield>
    <subfield code="c">2025. </subfield>
  </datafield>
  <datafield tag="300" ind1=" " ind2=" ">
    <subfield code="a">159 leaves. </subfield>
  </datafield>
  <datafield tag="336" ind1=" " ind2=" ">
    <subfield code="2">rdacontent</subfield>
    <subfield code="a">text</subfield>
  </datafield>
  <datafield tag="337" ind1=" " ind2=" ">
    <subfield code="2">rdamedia</subfield>
    <subfield code="a">unmediated</subfield>
  </datafield>
  <datafield tag="338" ind1=" " ind2=" ">
    <subfield code="2">rdacarrier</subfield>
    <subfield code="a">volume</subfield>
  </datafield>
  <datafield tag="502" ind1=" " ind2=" ">
    <subfield code="a">Undergraduate Thesis (BSOA)- Office Administration. </subfield>
    <subfield code="c">Camarines Sur Polytechnic Colleges, 2025. </subfield>
  </datafield>
  <datafield tag="504" ind1=" " ind2=" ">
    <subfield code="a">Includes bibliographical references. </subfield>
  </datafield>
  <datafield tag="520" ind1="3" ind2=" ">
    <subfield code="a">Financial awareness is essential for promoting personal stability and responsible decision-making, especially among barangay officials who must manage limited income while fulfilling community responsibilities. Proper financial management influences both personal well-being and professional effectiveness, as challenges in budgeting, spending and financial planning can affect performance in public services. This study assessed the level of financial awareness and spending behavior of barangay officials in selected barangays of Buhi, Camarines Sur. It specifically examined financial awareness in terms of budgeting, saving, investing, and debt management; analyzed spending behavior including impulsive, compulsive spending conscious spending, and status-driven spending; identified financial challenges encountered; and explored significant differences based on demographic variables. Employing a descriptive-correlational research design, the study involved forty-four elected and appointed barangay officials from four selected barangays. Data were collected using a structured survey questionnaire and analyzed with frequency distribution, percentage, weighted mean, and tests of significant difference. Results revealed that barangay officials generally displayed a moderate level of financial awareness, with stronger practices in budgeting and saving but weaker engagement in investing and debt management. Spending behavior was largely characterized by conscious spending, although tendencies toward impulsive and status-driven purchases were observed. Based on these findings, the study recommends the implementation of financial literacy seminars, budgeting and planning workshops, and continuous financial education programs. Enhancing financial awareness among barangay officials can improve personal financial stability, promote responsible spending and support more effective decision-making and leadership in their communities.     </subfield>
  </datafield>
  <datafield tag="700" ind1="1" ind2=" ">
    <subfield code="a">Victoria, Ana Mae S., </subfield>
    <subfield code="e">author. </subfield>
  </datafield>
  <datafield tag="700" ind1="1" ind2=" ">
    <subfield code="a">Silva, Junri S., </subfield>
    <subfield code="e">author. </subfield>
  </datafield>
  <datafield tag="700" ind1="1" ind2=" ">
    <subfield code="a">Yaldua, Jerald C., </subfield>
    <subfield code="e">author. </subfield>
  </datafield>
  <datafield tag="720" ind1="1" ind2=" ">
    <subfield code="a">Adriano, Rolando B., </subfield>
    <subfield code="e">adviser. </subfield>
  </datafield>
  <datafield tag="720" ind1="1" ind2=" ">
    <subfield code="a">Ta&#xF1;amor, Ma. Bernadette O., </subfield>
    <subfield code="e">panelist, chair. </subfield>
  </datafield>
  <datafield tag="720" ind1="1" ind2=" ">
    <subfield code="a">Luzon, Ni&#xF1;o Jeffrey L., </subfield>
    <subfield code="e">panelist. </subfield>
  </datafield>
  <datafield tag="720" ind1="1" ind2=" ">
    <subfield code="a">Oliveros, Josefin N., </subfield>
    <subfield code="e">panelist. </subfield>
  </datafield>
  <datafield tag="942" ind1=" " ind2=" ">
    <subfield code="2">ddc</subfield>
    <subfield code="n">0</subfield>
    <subfield code="c">UM</subfield>
    <subfield code="h">P136m </subfield>
    <subfield code="i">BSOA </subfield>
    <subfield code="k">UTH </subfield>
    <subfield code="m">2025</subfield>
  </datafield>
  <datafield tag="952" ind1=" " ind2=" ">
    <subfield code="0">0</subfield>
    <subfield code="1">0</subfield>
    <subfield code="2">ddc</subfield>
    <subfield code="4">0</subfield>
    <subfield code="7">0</subfield>
    <subfield code="a">BUHI</subfield>
    <subfield code="b">BUHI</subfield>
    <subfield code="c">UTH</subfield>
    <subfield code="d">2026-02-23</subfield>
    <subfield code="l">0</subfield>
    <subfield code="o">UTH BSOA P136m 2025</subfield>
    <subfield code="p">00285UM-BUH</subfield>
    <subfield code="r">2026-02-25 00:00:00</subfield>
    <subfield code="t">1-1</subfield>
    <subfield code="w">2026-02-25</subfield>
    <subfield code="y">UM</subfield>
  </datafield>
  <datafield tag="999" ind1=" " ind2=" ">
    <subfield code="c">31909</subfield>
    <subfield code="d">31909</subfield>
  </datafield>
</record>
